Responses for show #4950 - Friday, March 3, 2006

Contestants

Kim Clemmer, a PC technician from Leesburg, Florida

Deborah Melman-Clement, a writer and entrepreneur from Kingston, Ontario, Canada

Jack Deschauer, a public relations professional from Arlington, Virginia (whose 1-day cash winnings total $9,200)

Jeopardy! Round responses

STATE CAPITAL BIRTHPLACES
CLASSIC SPORTS COMMERCIALS
LIFE OF PIE
THAT IS LIKE SO LAST CENTURY
DANCE
"N" THE BEGINNING
    $200 6
Honolulu

Jack
    $200 1
Clydesdales

Deborah
    $200 21
meringue

Deborah
    $200 16
the United Nations

Deborah
    $200 26
the Mexican hat dance

Kim
    $200 11
Ted Nugent

Deborah
    $400 7
Phoenix

Kim
    $400 2
Visa

Deborah
    $400 22
cherries

Kim
    $400 17
Medicare & Medicaid

Kim
    $400 27
the limbo

Deborah
    $400 12
Norway

Deborah
    $600 8
Atlanta

Kim
    $600 3
Gatorade

Jack
    $600 23
[Alex reads "squeeze" as "sneeze"--and notes his error after the last clue of the round.]

apple pie

Kim
    $600 18
(Jack: Who is Remington?)
(Deborah: Who is Gillette?)
...
(Alex: The [*] razor.)

Jacob Schick

JackDeborah
Triple Stumper
    $600 28
tap dance

Jack
    $600 13
the Nighthawk

Jack
    $800 9
(Kim: What is M--Boston?)

Montpelier

JackKim
    $800 4
Andre Agassi & Pete Sampras

Jack
    $800 24
grasshopper pie

Jack
    $800 19
(Alex: You guys are all too young. "It's [*] again in America"!)

morning

Triple Stumper
    $800 29
the can-can

Jack
    $800 14
the NAACP

Kim
    $1,600 10
(Jack: What is Columbia?)
(Alex: No, what is [*]. [*], Virginia. He was a Virginian.)

Richmond

Jack
    $1000 5
(Alex: [*], we love him.)

Bob Uecker

Jack
    $1000 25
(Alex: [*] is right, with a minute to go.)

lattice

Kim
    $1000 20
(Alex: And his very famous composition, [*], The Sea.)

La mer

Triple Stumper
    $1000 30
Israel

Deborah
    $1000 15
(Alex: "Come [*], come Tyre.")

Nineveh

Triple Stumper

Scores at the first commercial break (after clue 15):

Jack Deborah Kim
$2,400 $1,200 $1,000

Scores at the end of the Jeopardy! Round:

Jack Deborah Kim
$4,000 $2,400 $3,600

Double Jeopardy! Round responses

HISTORIC NEW HAMPSHIRE
A MICHAEL DOUGLAS FILM FESTIVAL
(Alex: You have to name the movie, players.)
NATURAL BORN KILTERS
RATING SCALES
A LITTLE WINE
A NICE "VIN"TAGE
    $400 26
the International Monetary Fund & the World Bank

Triple Stumper
    $400 1
Wall Street

Jack
    $400 21
Andrew Carnegie

Deborah
    $400 16
volcanoes

Jack
    $400 6
Champagne

Kim
    $400 11
Vinny

Jack
    $800 27
(Deborah: What is the Boer War?)
(Kim: What is the Sino-Russian War? China-Russian War?)

the Russo-Japanese War

DeborahKim
Triple Stumper
    $800 2
Fatal Attraction

Deborah
    $800 22
(James) Barrie

Deborah
    $800 17
diamonds

Kim
    $800 7
Napa

Kim
    $800 12
vinegar

Kim
    $1200 28
Daniel Webster

Triple Stumper
    $1200 3
The American President

Jack
    $1200 23
Tony Blair

Triple Stumper
    $2,000 18
(Kim: [Sighs] Who is Freud?)
(Alex: No, who is [*]? The famous [*] Report.)

Kinsey

Kim
    $1200 8
(Alex: Good move. Good move. [*]. No wonder he built the boat.)

Noah

Triple Stumper
    $1200 13
to vindicate

Jack
    $400 29
Franklin Pierce

Deborah
    $1600 4
Falling Down

Deborah
    $1600 24
Balfour

Deborah
    $1600 19
(Jack: What are eclipses?)
(Alex: Be more specific.)
(Jack: What are solar eclipses?)
(Alex: No.)

lunar eclipses

JackKim
    $1600 9
a chalice

Deborah
    $1600 14
(Alex: You hear the opposite, in[*], but if you are able to be defeated, it's [*].)

vincible

Triple Stumper
    $2000 30
(Kim: What are the White Mountains?)
(Alex: Be more specific.)
(Kim: [Sighs])
(Alex: No?)
(Kim: No.)
...
(Alex: It's the White Mountains but the [*]. They were all named for presidents, of course.)

the Presidental Range

Kim
Triple Stumper
    $2000 5
(Alex: That was [*]. Dark film.)

The Ghost and the Darkness

Triple Stumper
    $2000 25
(Deborah: Who is Jeremy Bentham?)
...
(Alex: Who is [*]?--who wrote about human nature.)

David Hume

Deborah
Triple Stumper
    $2000 20
the Kelvin scale

Kim
    $2000 10
(Jack: What is port?)
(Kim: What is brandy?)

sherry

JackKim
Triple Stumper
    $2000 15
Vinson Massif

Kim

Scores at the end of the Double Jeopardy! Round:

Jack Deborah Kim
$4,000 $6,800 $5,200

[wagering suggestions for these scores]

Final Jeopardy! Round responses

AMERICAN LITERATURE
(Alex: This was Upton Sinclair's [*], the story of the meatpacking industry in Chicago.)
JackWhat is Slaughterhouse Five?
$4,000
KimWhat is Slaughterhouse 5?
$2,801
DeborahWhat is an American Tragedy
$3,601
The Jungle

Final scores:

Jack Deborah Kim
$0 $3,199 $2,399
3rd place: $1,000 New champion: $3,199 2nd place: $2,000

Game dynamics:

Coryat scores:

Jack Deborah Kim
$5,600 $8,000 $7,200
14 R,
4 W
(including 1 DD)
15 R
(including 1 DD),
3 W
15 R,
5 W
(including 1 DD)

Combined Coryat: $20,800

The J! Archive is created by fans, for fans. The Jeopardy! game show and all elements thereof, including but not limited to copyright and trademark thereto, are the property of Jeopardy Productions, Inc. and are protected under law. This website is not affiliated with, sponsored by, or operated by Jeopardy Productions, Inc. Join the discussion at JBoard.tv.